000
00281nam a2200109Ia 4500
008
200302s9999 xx 000 0 und d
100
_a
David A. Pierce
245
_a
Saving Dollars in Building Schools
260
_b
Reinhold Publishing Corporation
260
_c
1959
300
_a
112 P.,
999
_c
421
_d
421